Sitcoms by characters Quiz Stats

 Plays Quiz not verified by Sporcle

Challenge
Share
Tweet
Embed
Score 0/16 Timer 10:00
0 Plays Today
characters programme name % Correct
Manuel,Polly,BasilFawlty Towers
57.1%
David,Tim,GarethThe Office
52.4%
Rodney,Albert,CassandraOnly Fools And Horses
47.6%
Baldrick,George,DarlingBlackadder Goes Forth
42.9%
Simon,Jay,NeilThe Inbetweeners
38.1%
Mary,Barbara,JimRoyle Family
38.1%
Daffyd,Andy,MarjorieLittle Britain
38.1%
Agnes,Dermot,Maria BrownsMrs Browns Boys
33.3%
characters programme name % Correct
David,Alice,OwenThe Vicar Of Dibley
33.3%
Norman,Foggy,NoraLast Of The Summer Wine
28.6%
Stevie,Gary,PennyMiranda
23.8%
Ted, Dougal.,JackFather Ted
20%
Mateo,Donald,TroyBenidorm
19%
Pete,Jake,Karen BrockmansOutnumbered
19%
Taaj Manzoor,Ian Foot,Omar BabaCome Fly With Me
19%
George,Arthur,JackDads Army
19%

You're not logged in!

Compare scores with friends on all Sporcle quizzes.
Join for Free
OR
Log In

You Might Also Like...

Show Comments

Extras

Created Feb 5, 2012ReportNominate
Tags:character, program

Top Quizzes Today


Score Distribution

Your Account Isn't Verified!

In order to create a playlist on Sporcle, you need to verify the email address you used during registration. Go to your Sporcle Settings to finish the process.

Report this User

Report this user for behavior that violates our Community Guidelines.

Details: